LIBRARY & INFORMATION CENTRE, KCAET, TAVANUR

ONLINE PUBLIC ACCESS CATALOGUE (OPAC)

Hydrologic assessment of a small watershed to combat agricultural drought (Record no. 14920)

MARC details
000 -LEADER
fixed length control field 00518nam a22001577a 4500
003 - CONTROL NUMBER IDENTIFIER
control field OSt
088 ## - REPORT NUMBER
Report number 364
100 ## - MAIN ENTRY--AUTHOR NAME
Personal name VALLU TEJASWINI
245 ## - TITLE STATEMENT
Title Hydrologic assessment of a small watershed to combat agricultural drought
260 ## - PUBLICATION, DISTRIBUTION, ETC. (IMPRINT)
Place of publication Tavanur 2017
Name of publisher Department of Land and Water Resources and Conservation Engineering
300 ## - PHYSICAL DESCRIPTION
Number of Pages 100
700 ## - ADDED ENTRY--PERSONAL NAME
Personal name Dr. Sathian K.K (Guide)
856 ## - ELECTRONIC LOCATION AND ACCESS
Uniform Resource Identifier https://drive.google.com/open?id=1sidpmW4qMUvufie4NuWvxSx-6R0GAvQJ
942 ## - ADDED ENTRY ELEMENTS (KOHA)
Koha item type Theses
Holdings
Collection code Home library Current library Shelving location Full call number Accession Number Koha item type Public note
Reference KAUAET KAUAET Reference 631.75807 TEJ/HY T 364 Theses M.Tech Thesis
free website counter